000
00257nam a22001097a 4500
008
170112b xxu||||| |||| 00| 0 eng d
020
_a
9780815152859
041
_a
eng
080
_a
618.2
245
_a
MOSBY'S PSYCHIATRIC NURSING
_c
JACK, L.W
942
_2
udc
_c
BK
999
_c
2786
_d
2786